| 000 | 00534nam a22001937a 4500 | ||
|---|---|---|---|
| 003 | OSt | ||
| 005 | 20160310134957.0 | ||
| 008 | 160310b xxu||||| |||| 00| 0 eng d | ||
| 020 | _a9780071283113 | ||
| 040 | _cDDC | ||
| 082 | _a658LOC2008. | ||
| 100 |
_aLocker,O.Kitty;Kienzler; _97255 |
||
| 245 | _aBusiness and Administrative Communication. | ||
| 260 |
_aBoston. _bMcGraw-Hill. _c2008. |
||
| 300 |
_axxxi,701p; _bcol,ill; _c28cm |
||
| 504 | _aincludes index,Notes,Glossary. | ||
| 650 |
_aCommunication. _91820 |
||
| 942 |
_2ddc _cSLOAN |
||
| 999 |
_c3230 _d3230 |
||